<?xml version="1.0" encoding="UTF-8"?>
<record
    xmlns:xsi="http://www.w3.org/2001/XMLSchema-instance"
    xsi:schemaLocation="http://www.loc.gov/MARC21/slim http://www.loc.gov/standards/marcxml/schema/MARC21slim.xsd"
    xmlns="http://www.loc.gov/MARC21/slim">

  <leader>01207nam a2200289 i 4500</leader>
  <controlfield tag="001">bg</controlfield>
  <datafield tag="100" ind1="1" ind2=" ">
    <subfield code="a">Szczepaniak, Zenon.</subfield>
  </datafield>
  <datafield tag="245" ind1="1" ind2="0">
    <subfield code="a">Materia&#x142;y do poziomego oznakowania dr&#xF3;g :</subfield>
    <subfield code="b">zalecenia IBDiM do udzielania aprobat technicznych nr Z/2009-03-021 /</subfield>
    <subfield code="c">[aut. oprac. Zenon Szczepaniak, Pawe&#x142; Skierczy&#x144;ski] ; Instytut Badawczy Dr&#xF3;g i Most&#xF3;w. Zak&#x142;ad Technologii Nawierzchni.</subfield>
  </datafield>
  <datafield tag="260" ind1=" " ind2=" ">
    <subfield code="a">Warszawa :</subfield>
    <subfield code="b">Instytut Badawczy Dr&#xF3;g i Most&#xF3;w,</subfield>
    <subfield code="c">2009.</subfield>
  </datafield>
  <datafield tag="300" ind1=" " ind2=" ">
    <subfield code="a">35, [4] s. :</subfield>
    <subfield code="b">il. ;</subfield>
    <subfield code="c">24 cm.</subfield>
  </datafield>
  <datafield tag="490" ind1="1" ind2=" ">
    <subfield code="a">Informacje, Instrukcje / Instytut Badawczy Dr&#xF3;g i Most&#xF3;w,</subfield>
    <subfield code="x">1231-0638 ;</subfield>
    <subfield code="v">z. 75</subfield>
  </datafield>
  <datafield tag="650" ind1=" " ind2="9">
    <subfield code="a">Znaki i sygna&#x142;y drogowe</subfield>
    <subfield code="x">Polska</subfield>
  </datafield>
  <datafield tag="650" ind1=" " ind2="9">
    <subfield code="a">Materia&#x142;y budowlane</subfield>
    <subfield code="x">normalizacja</subfield>
    <subfield code="z">Polska</subfield>
    <subfield code="y">stan na 2009 r.</subfield>
  </datafield>
  <datafield tag="650" ind1=" " ind2="9">
    <subfield code="a">Komunikacja drogowa</subfield>
    <subfield code="x">bezpiecze&#x144;stwo</subfield>
  </datafield>
  <datafield tag="655" ind1=" " ind2=" ">
    <subfield code="a">Instrukcje</subfield>
  </datafield>
  <datafield tag="700" ind1="1" ind2=" ">
    <subfield code="a">Szczepaniak, Zenon.</subfield>
  </datafield>
  <datafield tag="700" ind1="1" ind2=" ">
    <subfield code="a">Skierczy&#x144;ski, Pawe&#x142;.</subfield>
  </datafield>
  <datafield tag="830" ind1=" " ind2="0">
    <subfield code="a">Informacje, Instrukcje (Instytut Badawczy Dr&#xF3;g i Most&#xF3;w) ;</subfield>
    <subfield code="v">z. 75</subfield>
  </datafield>
  <datafield tag="022" ind1=" " ind2=" ">
    <subfield code="a">12310638</subfield>
  </datafield>
  <datafield tag="040" ind1=" " ind2=" ">
    <subfield code="c">BPK</subfield>
  </datafield>
  <datafield tag="041" ind1="0" ind2=" ">
    <subfield code="a">pol</subfield>
  </datafield>
  <datafield tag="044" ind1=" " ind2=" ">
    <subfield code="a">POL</subfield>
  </datafield>
  <datafield tag="080" ind1=" " ind2=" ">
    <subfield code="a">656.1.05:691(083.1)</subfield>
  </datafield>
  <datafield tag="942" ind1=" " ind2=" ">
    <subfield code="c">KS</subfield>
  </datafield>
  <controlfield tag="008">091209s2009    pl a         |000 f pol  </controlfield>
  <datafield tag="999" ind1=" " ind2=" ">
    <subfield code="c">49829</subfield>
    <subfield code="d">49829</subfield>
  </datafield>
  <datafield tag="856" ind1=" " ind2=" ">
    <subfield code="u">http://koha.tu.koszalin.pl/cgi-bin/koha/opac-detail.pl?biblionumber=49829</subfield>
    <subfield code="y">Katalog online BPK</subfield>
  </datafield>
  <datafield tag="952" ind1=" " ind2=" ">
    <subfield code="0">0</subfield>
    <subfield code="1">0</subfield>
    <subfield code="4">0</subfield>
    <subfield code="7">1</subfield>
    <subfield code="a">ELBUD</subfield>
    <subfield code="b">ELBUD</subfield>
    <subfield code="c">b</subfield>
    <subfield code="o">S 2053</subfield>
    <subfield code="p">02201344</subfield>
    <subfield code="t">625 Tdk.Bd</subfield>
    <subfield code="y">KS</subfield>
  </datafield>
</record>
